000 01291nam a22002895i 4500
001 152196
003 ES-MaACL
005 20250827093352.0
008 970917m18451846sp |||| | spa d
040 _aCAM
_bspa
_cCAM
080 _a340.13(460)(091)
100 1 _aBlanco, Pedro Nolasco.
_929200
_eaut
245 1 0 _aExamen histórico-filosófico de la legislación española, con arreglo a las esplicaciones del doctor D. Juan Manuel Montalván, catedrático de 5º año de Jurisprudencia en la Universidad de Madrid /
_cpor los bachilleres en Derecho, Pedro Nolasco Blanco y Mamerto Díez.
260 _aMadrid :
_bImp. de Marcos Bueno,
_c1845-1846
300 _a2 volúmenes ;
_c19 cm.
530 _aDisponible en formato digital
596 _aEn el v. II consta Imprenta de Manuel Álvarez
597 _aVol. I: 380, [4] p.; Vol. II: 349, [2] p.
650 4 _aLeyes-
_zEspaña
_914381
700 1 _aDíez, Mamerto.
_944660
_eaut
700 1 _aMontalbán, Juan Manuel,
_eaut
_982337
_d1806-1889
852 _aES-MaACL
_cSVI
_jD-2143-44
_eFalta el v. 3
856 _uhttps://bdh-rd.bne.es/viewer.vm?id=0000146079&page=1
_yVersión en línea
_z(Biblioteca Digital Hispánica)
942 _2udc
_cMONANT
_n0
999 _c152196
_d152196